000 01103nam a2200313 i 4500
003 EG-GICUC
005 20260424172129.0
008 260424s1959 fr |||f |||| 00| 0 fre d
040 _aEG-GiCUC
_bfre
_cEG-GiCUC
_dEG-GiCUC
_eRda
082 0 4 _221
_a343.1
_bCO
092 0 4 _221
099 _aLaw1 10 343.1 CO 56 ed - 1959 1011183 C1
245 0 0 _aCode Pénal :
_bAnnoté D'après La Doctrine Et La Jurisprudence Ayéc Renvois Aux Publications Dalloz.
250 _aCinquante-sixième, Edition
264 1 _aParis :
_bJurisprudence Générale Dalloz,
_c1959.
264 3 _aFrance :
_bTypographie Firmin-didot Et,
300 _a841 page ;
_c 24 cm.
_billustration ;
336 _2rda contenu
_a texte
337 _2rda medias
_aOrdinateur
338 _2 transporteur rda
_a Ressource en ligne
490 0 _aPetits Codes Dalloz
504 _aBibliography: pages 200-250. 240-220
650 1 4 _aDroit De Pénal
_2qrmak
650 1 4 _aDroit Pénal Général
_2qrmak
651 1 _2qrmak
856 4 0 _uhttps://fll.law.cu.edu.eg/fulltext/bks/B10-11183.pdf
905 _a164
942 _2ddc
_cBK
_e21
_n0
999 _c73282
_d73282